000 01653nam0a2200313 4500
001 RU\NLR\bibl\391240
005 20260409065727.0
035 _a(NLR Aleph) 000385537
090 _a482781
_c482781
100 _a20030417d2002 u y0rusy50 ca
101 0 _arus
102 _aRU
105 _ay |||||||||
200 1 _aПрирода человека : междисциплинарный синтез
_eМатериалы межвуз. конф. 4-5 февр. 2002 г.
_f[Ред. сост. Н.А. Курчанов и др.]
210 _aСПб.
_cИн-т биологии и психологии человека
_cС.-Петерб. гос. ун-т
_d2002
215 _a162 с.
_d20
300 _aВ надзаг.: Ин-т биологии и психологии человека, С.-Петерб. гос. ун-т. Филос. фак. Каф. социал. философии и философии истории
320 _aБиблиогр. в конце докл.
606 0 _aПсихология
_jСъезды, совещания и т.п.
_9931820
_3RU\NLR\auth\6624683
606 _aЧеловек (филос.)
_jСъезды, совещания и т.п.
_3RU\NLR\auth\6658202
_9994240
686 _aЮ216я431
686 _aЮ93я431
702 1 _4220
_8rus
_7ca
_aКурчанов
_bН. А.
_gНиколай Анатольевич
_3RU\NLR\auth\775443
_9115407
712 0 2 _4570
_aИнститут биологии и психологии человека
_cСанкт-Петербург
_3RU\NLR\AUTH\889953185
_9402390
801 0 _aRU
_bNLR
_c20030417
_gPSBO
801 1 _aRU
_bNLR
_c20030417
942 _cBOOK
980 _aNB